Tecnologías educativas en tiempos de Internet /

Obra colectiva en donde se analizan los usos de las tecnologías en la educación, reconstruyendo el camino recorrido desde las propuestas educativas tradicionales hasta las actuales y reflexionando la influencia de las nuevas tecnologías de la comunicación sobre las teorías y prácticas pedagógicas, d...

وصف كامل

محفوظ في:
التفاصيل البيبلوغرافية
المؤلف الرئيسي: Litwin, Edith (comp.)
التنسيق: كتاب
اللغة:الإسبانية
منشور في: Buenos Aires, Argentina : Amorrortu, 2005, c2005
سلاسل:(Agenda Educativa)
الموضوعات:
الوسوم: إضافة وسم
لا توجد وسوم, كن أول من يضع وسما على هذه التسجيلة!

MARC

LEADER 00000nam^a2200000^a^4500
001 000181630
005 20250521000000.0
009 20260310101939.364
020 |a 950-518-833-1 
037 |a Acervo ITESO - Biblioteca 
041 |a ESP 
082 |a 371. 334  |b LIT 
100 |a Litwin, Edith  |e (comp.) 
245 1 0 |a Tecnologías educativas en tiempos de Internet /  |c Comp. de E. Litwin. 
264 4 |a Buenos Aires, Argentina :  |b Amorrortu,  |c 2005, c2005 
300 |a 248 p. 
336 |a texto  |b txt  |2 rdacontenido 
337 |a sin mediación  |b n  |2 rdamedio 
338 |a volumen  |b nc  |2 rdasoporte 
440 1 |a (Agenda Educativa) 
520 |a Obra colectiva en donde se analizan los usos de las tecnologías en la educación, reconstruyendo el camino recorrido desde las propuestas educativas tradicionales hasta las actuales y reflexionando la influencia de las nuevas tecnologías de la comunicación sobre las teorías y prácticas pedagógicas, didácticas, cognitivas y sociales. 
649 |a XX 
650 |a Internet 
650 |a Televisión en la Educación 
650 |a Videojuegos 
650 |a Apoyos Didácticos 
650 |a Tecnología Educativa 
650 |a Metodología Educativa 
650 |a Evaluación Educativa 
650 |a Proceso Educativo 
650 |a Educación a Distancia 
650 |a Tecnologías de Comunicación e Información -  |x Aspectos Sociales y Culturales 
650 |a Educación 
910 |a Fondo General 
920 |a Impresos - Libros 
930 |a Colección General 
905 |a 101 
901 |a 0500121625  |b IT1  |c ACC  |u 20250521 
902 |a https://opac.biblio.iteso.mx/vufind/Record/000181630